Factores de riesgo para el fracaso de implantes dentales osteointegrados en la fase quirúrgica
Estudia los factores de riesgo para el fracaso de implantes dentales osteointegrados en la fase quirúrgica.
Uloženo v:
| Hlavní autor: | |
|---|---|
| Korporativní autor: | |
| Další autoři: | |
| Médium: | E-kniha |
| Jazyk: | španělština |
| Vydáno: |
La Habana :
Universidad de Ciencias Médicas de La Habana,
2012.
|
| Témata: | |
| On-line přístup: | https://elibro.unach.elogim.com/es/lc/unach/titulos/86149 |
| Tagy: |
Přidat tag
Žádné tagy, Buďte první, kdo vytvoří štítek k tomuto záznamu!
|
MARC
| LEADER | 00000nam a2200000 a 4500 | ||
|---|---|---|---|
| 001 | ELB86149 | ||
| 003 | FlNmELB | ||
| 006 | m o d | | ||
| 007 | cr cn||||||||| | ||
| 008 | 201201r2012 cu |||||s|||||||||||spa d | ||
| 024 | 8 | |z 71210123210 | |
| 035 | |a (MiAaPQ)EBC3204831 | ||
| 035 | |a (Au-PeEL)EBL3204831 | ||
| 035 | |a (CaPaEBR)ebr10626020 | ||
| 035 | |a (OCoLC)929394148 | ||
| 040 | |a FlNmELB |b spa |c FlNmELB | ||
| 050 | 4 | |a R130.5 |b P9449 2012 | |
| 080 | |a 61 | ||
| 082 | 0 | 4 | |a 610 |2 22 |
| 100 | 1 | |a Pérez Pérez, Oviedo. | |
| 245 | 1 | 0 | |a Factores de riesgo para el fracaso de implantes dentales osteointegrados en la fase quirúrgica |h [recurso electronico] |c Oviedo Pérez Pérez. |
| 260 | |a La Habana : |b Universidad de Ciencias Médicas de La Habana, |c 2012. | ||
| 300 | |a 132 p. | ||
| 500 | |a Tesis (doctorado)- Universidad de Ciencias Médicas de La Habana. | ||
| 520 | |a Estudia los factores de riesgo para el fracaso de implantes dentales osteointegrados en la fase quirúrgica. | ||
| 533 | |a Recurso electrónico. Santa Fe, Arg.: e-libro, 2015. Disponible vía World Wide Web. El acceso puede estar limitado para las bibliotecas afiliadas a e-libro. | ||
| 650 | 4 | |a Medical. |x Prosthesis. | |
| 650 | 4 | |a Medicina. |x Prótesis. | |
| 655 | 4 | |a Libros electrónicos. | |
| 700 | 1 | |a Velasco Ortega, Eugenio. |4 drt | |
| 710 | 2 | |a e-libro, Corp. | |
| 856 | 4 | 0 | |u https://elibro.unach.elogim.com/es/lc/unach/titulos/86149 |